| 000 | 01193nam0a2200301 4500 | ||
|---|---|---|---|
| 001 | RU\NLR\bibl\1113840 | ||
| 005 | 20260406105928.0 | ||
| 010 |
_a978-5-699-03450-5 _94000 |
||
| 021 |
_aRU _b2007-42147 _92256 |
||
| 035 | _a(NLR Aleph) 001100856 | ||
| 090 |
_a1177305 _c1177305 |
||
| 100 | _a20070730d2007 |||y0rusy50 ca | ||
| 101 | 0 | _arus | |
| 102 | _aRU | ||
| 105 | _ay ||||||||| | ||
| 200 | 1 |
_aКак писать так, чтобы было понятно всем! _eдействительно эффективные приемы составления писем и ведения деловой корреспонденции _fАллан Пиз, Барбара Пиз _g[пер. с англ. Е. Черниковой] |
|
| 205 | _a[Изд. перераб. и обновл.] | ||
| 210 |
_aМосква _cЭксмо _d2007 |
||
| 215 |
_a182 с. _d20 |
||
| 225 | 1 | _aА и Б формула успеха | |
| 700 | 1 |
_4070 _8rus _7ca _aПиз _bА. _f1952- _gАллан _3RU\NLR\auth\77104308 _987233 |
|
| 701 | 1 |
_aПиз _bБ. _gБарбара _4070 |
|
| 801 | 0 |
_aRU _bNLR _c20070730 _gRCR |
|
| 801 | 1 |
_aRU _bNLR _c20070730 |
|
| 830 | _aпо кн | ||
| 942 | _cBOOK | ||
| 980 | _aNB | ||